La abogacía y el jurado / (Record no. 101986)

MARC details
000 -LEADER
campo de control de longitud fija 00409nam a2200145 i 4500
001 - NÚMERO DE CONTROL
campo de control 101986
003 - IDENTIFICADOR DE NÚMERO DE CONTROL
campo de control ES-MaACL
005 - FECHA Y HORA DE LA ÚLTIMA TRANSACCIÓN
campo de control 20230906183026.0
007 - CAMPO FIJO DE DESCRIPCIÓN FÍSICA--INFORMACIÓN GENERAL
campo de control de longitud fija t|
008 - DATOS DE LONGITUD FIJA--INFORMACIÓN GENERAL
campo de control de longitud fija 051028s1914 sp ||||1| spa d
100 1# - ENTRADA PRINCIPAL--NOMBRE DE PERSONA
Nombre de persona Méndez Alzola, Manuel.
9 (RLIN) 80137
245 13 - MENCIÓN DEL TÍTULO
Título La abogacía y el jurado /
Mención de responsabilidad, etc. por Quintus Scipio Imperator (seud.).
260 ## - PUBLICACIÓN, DISTRIBUCIÓN, ETC.
Lugar de publicación, distribución, etc. Madrid :
Nombre del editor, distribuidor, etc. San Martín,
Fecha de publicación, distribución, etc. 1914.
852 ## - LOCALIZACIÓN
Ubicación ES-MaACL
Número de control de estantería T-1378-F-6
Holdings
Estatus retirado Estado de pérdida Estado de daño No para préstamo Colección Biblioteca de origen Biblioteca actual Ubicación en estantería Fecha de adquisición Fuente de adquisición Total de préstamos Signatura topográfica completa Código de barras Visto por última vez Precio de reemplazo Tipo de ítem Koha
        Colección de folletos Biblioteca del Ateneo de Madrid Biblioteca del Ateneo de Madrid Depósito folletos 17/01/2008     T-1378-F-6 1106469 23/02/2023 23/02/2023 Folleto